Uplatňovanie základných zásad správy daní počas daňovej kontroly v kontexte rozsudkov súdov SR diplomová práca

Na minha lista:
Detalhes bibliográficos
Autor principal: Mucha, Adrián
Autor Corporativo: Národohospodárska fakulta EU. Katedra financií
Outros Autores: Ihnatišinová, Denisa, 1983-
Formato: Livro
Idioma:eslovaco
Publicado em: Bratislava 2022
Tags: Adicionar Tag
Sem tags, seja o primeiro a adicionar uma tag!

MARC

LEADER 00000nbm a2200000 4500
001 0283976
005 20221025134253.5
041 0 |a slo 
044 |a SK 
245 1 0 |a Uplatňovanie základných zásad správy daní počas daňovej kontroly v kontexte rozsudkov súdov SR  |b diplomová práca  |c Adrián Mucha ; školiteľ: Denisa Ihnatišinová 
264 1 |a Bratislava  |c 2022 
300 |a 74 s. 
100 1 |a Mucha, Adrián 
700 1 |a Ihnatišinová, Denisa, 1983- 
710 2 |a Národohospodárska fakulta EU. Katedra financií